[Event "SRB-ch U14"]
[Site "Novi Sad"]
[Date "2018.04.08"]
[Round "9"]
[White "Gajcin, Aleksa"]
[Black "Medic, Relja"]
[Result "0-1"]
[WhiteElo "1576"]
[BlackElo "1247"]
[PlyCount "132"]
[EventDate "2018.04.02"]
[EventType "swiss"]
[EventRounds "9"]
[EventCountry "SRB"]
[SourceTitle "EXT 2019"]
[Source "ChessBase"]
[SourceDate "2018.10.10"]
[SourceVersion "1"]
[SourceVersionDate "2018.10.10"]
[SourceQuality "1"]

1. e4 c6 2. Nc3 d5 3. e5 Bf5 4. d4 e6 5. Nf3 c5 6. Bd3 Bxd3 7. Qxd3 cxd4 8. Nxd4 Nd7 9. Nf3 Ne7 10. Bg5 Qb6 11. 0-0 Nc6 12. Qb5 Qc7 13. Rfe1 Be7 14. Bxe7 Nxe7 15. Re2 Qc6 16. Nd4 Qb6 17. Qxb6 Nxb6 18. Ncb5 0-0 19. b3 a6 20. Nd6 Rab8 21. c3 Ng6 22. g3 Rfd8 23. f4 Nc8 24. f5 exf5 25. N4xf5 Nce7 26. Rf1 Nxf5 27. Rxf5 f6 28. c4 Nxe5 29. Rexe5 fxe5 30. Nf7 Rf8 31. Nd6 Rxf5 32. Nxf5 dxc4 33. bxc4 b5 34. Ne7+ Kf8 35. Nc6 Re8 36. Kf2 bxc4 37. Ke2 e4 38. Nd4 c3 39. Nc2 Rd8 40. Ke3 Rd2 41. Nb4 Rb2 42. a3 a5 43. Nc6 Rxh2 44. Nxa5 c2 45. Nb3 Rg2 46. Nc1 Rxg3+ 47. Kxe4 Rg1 48. Ne2 c1Q 49. Nxc1 Rxc1 50. a4 Ra1 51. Kf5 Rxa4 52. Kg5 g6 53. Kh6 Kg8 54. Kg5 Ra5+ 55. Kg4 h5+ 56. Kh4 Kg7 57. Kg3 Ra4 58. Kh3 g5 59. Kg3 Kf6 60. Kh3 Ra3+ 61. Kg2 Kf5 62. Kf2 Kf4 63. Kg2 Ra2+ 64. Kg1 Kf3 65. Kh1 Kg3 66. Kg1 Ra1# 0-1

[Event "SRB-ch U14"]
[Site "Novi Sad"]
[Date "2018.04.04"]
[Round "4"]
[White "Pajcin, Lav"]
[Black "Medic, Relja"]
[Result "1-0"]
[WhiteElo "2032"]
[BlackElo "1247"]
[PlyCount "109"]
[EventDate "2018.04.02"]
[EventType "swiss"]
[EventRounds "9"]
[EventCountry "SRB"]
[SourceTitle "EXT 2019"]
[Source "ChessBase"]
[SourceDate "2018.10.10"]
[SourceVersion "1"]
[SourceVersionDate "2018.10.10"]
[SourceQuality "1"]

1. e4 c6 2. d4 d5 3. Nc3 dxe4 4. Nxe4 Bf5 5. Ng3 Bg6 6. h4 h6 7. h5 Bh7 8. Nf3 Nd7 9. Bd3 Bxd3 10. Qxd3 Qc7 11. Be3 e6 12. 0-0-0 Ngf6 13. c4 0-0-0 14. Qc2 Bd6 15. Ne4 Nxe4 16. Qxe4 Nf6 17. Qc2 Bf4 18. Qd2 Bxe3 19. Qxe3 Ng4 20. Qe2 Qf4+ 21. Kb1 Qf5+ 22. Ka1 Nf6 23. Ne5 Rhf8 24. Rh3 Nd7 25. Re3 Nxe5 26. Rxe5 Qf4 27. g3 Qf6 28. Qe3 b6 29. f4 c5 30. Qe4 Kb8 31. d5 Rd6 32. Re1 Rfd8 33. a3 exd5 34. cxd5 g6 35. hxg6 Qxg6 36. Qxg6 Rxg6 37. Re7 Rxd5 38. Rxf7 Rgd6 39. Re8+ Rd8 40. Ree7 a5 41. Rb7+ Ka8 42. Rxb6 Rd1+ 43. Ka2 R8d2 44. Rxh6 Kb8 45. Rh8+ Rd8 46. Rxd8+ Rxd8 47. f5 c4 48. f6 Rd2 49. Re7 c3 50. f7 Rxb2+ 51. Ka1 Rf2 52. Re8+ Ka7 53. f8Q Rxf8 54. Rxf8 Kb6 55. Rc8 1-0